• 首页
  • 本馆介绍
  • 公告通知
  • 最新文献
  • 馆藏检索
  • 电子资源
  • 读者导购
  • 参考咨询
  • 我的图书馆
  • 登录
  • 详细信息显示
  • 放入我的书架
  • 预约/预借图书
  • 作者相关作品
  • 分类相关作品
  • 丛书相关作品
  • 出版社相关作品

书目信息

  • 表格格式
  • 工作单格式
  • 卡片格式
题名:
萨特论艺术
    
 
作者: 萨特 , 巴斯金 著 ;欧阳友权 , 冯黎明 译
分册:  
出版信息: 北京   中国人民大学出版社  2010
页数: 170页
开本: 24cm
丛书名: 朗朗书房
单 册:
中图分类: J0-53
科图分类:
主题词: 艺术理论--文集 , 艺术理论
电子资源:
ISBN: 978-7-300-05208-3
000 01280oam2 2200325 45
001 1029508839
005 20100428092921.81
010    @a978-7-300-05208-3@dCNY24.80
100    @a20100426d2010 ekmy0chiy0120 ea
101 1  @achi@ceng
102    @aCN@b110000
105    @aa z 000yy
106    @ar
200 1  @a萨特论艺术@ASa Te Lun Yi Shu@dRemarks on By Art@f(法)萨特(Jean Paul Sartre)著,(美)韦德·巴斯金编@F( Fa ) Sa Te (Jean Paul Sartre) Zhu, ( Mei ) Wei De· Ba Si Jin Bian@g欧阳友权,冯黎明译@zeng
210    @a北京@c中国人民大学出版社@d2010
215    @a170页@c图@d24cm
225 2  @a朗朗书房@i西方艺术史论名著
308    @a丛书第二辑
330    @a本书讨论了“威尼斯的流浪汉”丁托列托、追求绝对的贾珂梅悌、塑造活动雕塑的考尔德和“没有特权的画家”拉普加德,表明了作者对艺术的性质与艺术家在人类处境中的地位等基本问题的态度。
461  0 @12001 @a朗朗书房@i西方艺术史论名著
510 1  @aRemarks on By Art@zeng
606 0  @a艺术理论@j文集
606 0  @a艺术理论
690    @aJ0-53@v4
701  1 @a萨特@ASa Te@g(Sartre, Jean-Paul@f1905~1980)@4著
701  1 @a巴斯金@ABa Si Jin@g(Baskin,Wede) 编
702  0 @a欧阳友权@AOu Yang You Quan@4译
702  0 @a冯黎明@AFeng Li Ming@4译
801  0 @aCN@bTANGWEI@c20100428
905    @b0596523-27@dJ0-53@e240@f5
    
    萨特论艺术=Remarks on By Art/(法)萨特(Jean Paul Sartre)著,(美)韦德·巴斯金编/欧阳友权,冯黎明译.-北京:中国人民大学出版社,2010
    170页:图;24cm.-(朗朗书房.西方艺术史论名著)
    
    
    ISBN 978-7-300-05208-3:CNY24.80
    本书讨论了“威尼斯的流浪汉”丁托列托、追求绝对的贾珂梅悌、塑造活动雕塑的考尔德和“没有特权的画家”拉普加德,表明了作者对艺术的性质与艺术家在人类处境中的地位等基本问题的态度。
●
相关链接 在E读中查询图书 在五车中查询图书 在当当中查询图书 在豆瓣中查询图书


正题名:萨特论艺术     索取号:J0-53/240         预约/预借

序号 登录号 条形码 馆藏地/架位号 状态 备注
1 0596523   205965231   第一样本阅览室/ [索取号:J0-53/240] 在馆    
2 0596524   205965240   第一借阅区/ [索取号:J0-53/240] 在馆    
3 0596525   205965259   第一借阅区/ [索取号:J0-53/240] 在馆    
4 0596526   205965268   第一借阅区/ [索取号:J0-53/240] 在馆    
5 0596527   205965277   第一借阅区/ [索取号:J0-53/240] 在馆    
唐山师范学院图书馆 欢迎您!
大连网信软件有限公司© 版权所有